Score 0/20 Timer 02:00
3 Plays Today
Clue 4-Letter Word % Correct
Ice hockey essentialPUCK
96.1%
Fill a suitcasePACK
95.9%
The Indianapolis 500, for exampleRACE
94.2%
Mallard, e.g.•DUCK•
93.7%
Vermin in one's hairLICE
93.6%
Yahtzee componentsDICE
92.9%
Wine bottle holderRACK
92.3%
Past-due assignmentLATE
92%
The front of a clock•FACE•
91.2%
Milwaukee made beer: Miller ___LITE
91%
Clue 4-Letter Word % Correct
Uber or Lyft offeringRIDE
90.7%
Genuine: bona ___FIDE
89.7%
Become dimmerFADE
88.1%
Mussolini: Il ___DUCE
87.4%
Ceremonial actRITE
87.2%
Halloween visage cover•MASK•
87.1%
Velocity or currentRATE
86.4%
Pepper spray brandMACE
86%
Heavy-duty truck brandMACK
82.5%
Feeble, like a 'dad joke'•LAME•
81.8%

Today's Daily Dose

Remove Ads.
Support Sporcle.
Get the best of Sporcle when you Go Orange. This ad-free experience offers more features, more stats, and more fun while also helping to support Sporcle. Thank you for becoming a member.

You're not logged in!

Compare scores with friends on all Sporcle quizzes.
OR
Log In

Show Comments

Extras

Top Quizzes Today


Score Distribution

Your Account Isn't Verified!

In order to create a playlist on Sporcle, you need to verify the email address you used during registration. Go to your Sporcle Settings to finish the process.

Report this User

Report this user for behavior that violates our Community Guidelines.

Details: